Estudio de modelos de rotores eolicos de eje horizontal para el bombeo de agua.
Сохранить в:
| Главный автор: | |
|---|---|
| Формат: | Диссертация |
| Язык: | Undetermined |
| Опубликовано: |
1985
|
| Предметы: | |
| Метки: |
Добавить метку
Нет меток, Требуется 1-ая метка записи!
|
MARC
| LEADER | 00000nam a2200000Ia 4500 | ||
|---|---|---|---|
| 001 | 4128 | ||
| 008 | 140114s9999 xx 000 0 und d | ||
| 100 | |a Villreal, Mauricio | ||
| 245 | |a Estudio de modelos de rotores eolicos de eje horizontal para el bombeo de agua. | ||
| 260 | |c 1985 | ||
| 500 | |a NULL | ||
| 502 | |a Escuela de ingenieria Mecanica | ||
| 650 | |z MODELO DE ROTORES EOLICOS | ||
| 999 | |c 11747 |d 11747 | ||
